000 00570nam a2200217Ia 4500
003 OSt
005 20220928141231.0
006 a|||||r|||| 00| 0
007 ta
008 220927b |||||||| |||| 00| 0 eng d
024 _a14121
037 _cTextual
040 _aSDCL
_cSDCL
_beng
041 _2eng
_aeng
082 _aO-,M:g, L2
100 _aHaffman Michael J
_9499416
245 0 _aSubversive vision
_b American romanticism in literature.
260 _c1972
942 _hO-,M:g, L2
_cTEXL
_2CC
999 _c816530
_d816530